| 000 | 01621cam a2200409 i 4500 | ||
|---|---|---|---|
| 999 |
_c200429400 _d47324 |
||
| 001 | 200429400 | ||
| 003 | TR-AnTOB | ||
| 005 | 20241105165533.0 | ||
| 007 | ta | ||
| 008 | 150720s2017 maua b 001 0 eng d | ||
| 010 | _a2015021210 | ||
| 020 | _a9780134167848 | ||
| 020 | _a0134167848 | ||
| 040 |
_aDLC _beng _erda _cDLC _dYDXCP _dOCLCF _dBTCTA _dCHVBK _dOCLCO _dOCLCQ _dOCLCA _dUtOrBLW _dTR-AnTOB |
||
| 041 | 0 | _aeng | |
| 050 | 0 | 0 |
_aHD30.28 _b.D385 2017 |
| 090 |
_aHD30.28 _b.D385 2017 |
||
| 100 | 1 |
_aDavid, Fred R. _eauthor _0http://id.loc.gov/authorities/names/n85352835 _9119678 |
|
| 245 | 1 | 0 |
_aStrategic management : _bconcepts and cases : a competitive advantage approach / _cFred R. David, Forest R. David. |
| 246 | 3 | 0 | _aConcepts and cases |
| 246 | 3 | 0 | _aA competitive advantage approach |
| 250 | _aSixteenth edition | ||
| 264 | 1 |
_aBoston : _bPearson, _c[2017] |
|
| 264 | 4 | _c©2017 | |
| 300 |
_a680 pages : _billustrations ; _c28 cm. |
||
| 336 |
_atext _btxt _2rdacontent |
||
| 337 |
_aunmediated _bn _2rdamedia |
||
| 338 |
_avolume _bnc _2rdacarrier |
||
| 504 | _aIncludes bibliographical references and index | ||
| 650 | 7 |
_aStratejik planlama _2etuturkob _91860 |
|
| 650 | 0 |
_aStrategic planning _0http://id.loc.gov/authorities/subjects/sh85128511 _91126 |
|
| 650 | 7 |
_aStratejik planlama _vVaka çalışmaları _2etuturkob _949772 |
|
| 650 | 0 |
_aStrategic planning _vCase studies _0http://id.loc.gov/authorities/subjects/sh2008112301 _91128 |
|
| 700 | 1 |
_aDavid, Forest R. _eauthor _0http://id.loc.gov/authorities/names/n2013065231 _9119679 |
|
| 942 |
_2lcc _cRESERVE |
||